1930 1162 1387 1679 1752 1716 1031 1523 1876 1368 1305 1258 1038 1092 1328 1850 1821 1162 1618 1001 1392 1351 1706 1772 1493 1763 1311 1469 1751 1901 1955 1335 1763 1983 1338 1750 1702 1154 1975 1990 1065 1266 1773 1727 1297 1602 1377 1026 1435 1521 1994 1504 1370 1103 1584 1813 1844 1025 1814 1140 1380 1362 1680 1898 1399 1889 1688 1087 1049 1403 1282 1282 1294 1744 1060 1218 1626 1198 1970 1421 1514 1761 1701 1260 1039 1384 1880 1449 1975 1281 1075 1475 1081 1007 1769 1419 1738 1484 1029 BCNSPRNW ULIB Ver.6.0+V

เปลี่ยนเป็นภาษาไทย

Change to English
 แสดงรายละเอียดบรรณานุกรม
  กลับหน้าหลัก

Brief Record : Get Marc (ISO 2709) : E-mail record : QR code < ปิดหน้าต่าง
LEADER : 00000nam 2200000uu 4500
001    13399120744
003     ULIB
008    121005s2551||||th 000 0 tha d
020    ^a9789749421475
050 04 ^aBQ4190^bม287ก 2551
100 0  ^aชวอตซ์, มอร์รี เอส
245 10 ^aการปล่อยวาง :^bข้อคิดจากการดำรงชีวิตขณะเผชิญความตาย /^cMorrie S. Schwartz ; วัลลี สุวจิตตานนท์ แปล
250    ^aพิมพ์ครั้งที่ 2
260    ^aกรุงเทพฯ :^bมายด์,^c2551
300    ^a150 หน้า :^bภาพประกอบ
650  2 ^aAmyotrophic lateral sclerosis
700 00 ^aวัลลี สุวจิตตานนท์,^eผู้แปล
945    ^p129^l0^i17657
995    ^aวิภา
999 ^a ใช้งานได้ทุกระบบ
รายการนี้ยังไม่มีแท็ก
คุณยังไม่ได้ล็อกอิน คุณสามารถมีกิจกรรมร่วมกับเว็บไซต์ได้ แต่ต้องล็อกอินก่อน ::
  ล็อกอิน

รายการสื่อสารสนเทศ

ลำดับที่ ประเภท เลขเรียก/บาร์โค้ด สถานที่ สถานะ
1. วิทยาศาสตร์การแพทย์ และสุขภาพ
วิทยาศาสตร์การแพทย์ และสุขภาพ
BQ4190 ม287ก 2551  
  Barcode: 17657
ห้องสมุดวิทยาเขตสวรรค์ประชารักษ์
►หนังสือทั่วไป
บนชั้น

รายการใกล้เคียง
    ผู้แต่ง [ชวอตซ์, มอร์รี เอส]

    หัวเรื่อง [Amyotrophic lateral sclerosis]

BibComment


ยังไม่เคยถูกคอมเมนท์

คอมเมนท์ทรัพยากรรายการนี้
  คอมเมนท์: การปล่อยวาง ข้อ..


 Copyright 2026. Bcnsprnw @Library